| 000 | 00499nam a2200193Ia 4500 | ||
|---|---|---|---|
| 005 | 20250423100056.0 | ||
| 008 | 250422s9999 xx 000 0 und d | ||
| 020 | _a9781847871770 | ||
| 050 | _aHD 30.4 .E27/ | ||
| 100 | _aEasterby-Smith, Mark. | ||
| 245 | 0 | _aManagement research | |
| 250 | _a3rd ed. | ||
| 260 | _aLos Angeles; London | ||
| 260 | _bSAGE | ||
| 260 | _c2008 | ||
| 300 | _a351 p | ||
| 650 | _aManagement--Research. Operations research. Organizational behavior. | ||
| 942 | _cBK | ||
| 999 |
_c32213 _d32213 |
||